Surface design : (رقم التسجيلة. 122281)

تفاصيل مارك
000 -LEADER
fixed length control field 01072cam a22003137a 4500
008 - FIXED-LENGTH DATA ELEMENTS--GENERAL INFORMATION
fixed length control field 100303s2009 gw a b 001 0 eng
010 ## - LIBRARY OF CONGRESS CONTROL NUMBER
LC control number 2010286575
020 ## - INTERNATIONAL STANDARD BOOK NUMBER
International Standard Book Number 3527407898 (hbk.)
020 ## - INTERNATIONAL STANDARD BOOK NUMBER
International Standard Book Number 9783527407897 (hbk.)
040 ## - CATALOGING SOURCE
Original cataloging agency UKM
Transcribing agency UKM
Modifying agency OHX
-- YDXCP
-- BWX
-- OCLCQ
-- AGL
-- GA0
-- DLC
050 00 - LIBRARY OF CONGRESS CALL NUMBER
Classification number TP248.65.M37
Item number S87 2009
082 04 - DEWEY DECIMAL CLASSIFICATION NUMBER
Classification number 620.44
Edition number 22
092 04 - LOCALLY ASSIGNED DEWEY CALL NUMBER (OCLC)
Classification number 620.44
Item number S2839
Edition number 21
099 ## - LOCAL FREE-TEXT CALL NUMBER (OCLC)
Classification number 04
-- 620.44 S2839
245 00 - TITLE STATEMENT
Title Surface design :
Remainder of title applications in bioscience and nanotechnology /
Statement of responsibility, etc. edited by Renate Fèorch, Holger Schèonherr, and A. Tobias A. Jenkins.
260 ## - PUBLICATION, DISTRIBUTION, ETC.
Place of publication, distribution, etc. Weinheim :
Name of publisher, distributor, etc. Wiley-VCH,
Date of publication, distribution, etc. c2009.
300 ## - PHYSICAL DESCRIPTION
Extent xxiii, 511 p. :
Other physical details ill. ;
Dimensions 25 cm.
504 ## - BIBLIOGRAPHY, ETC. NOTE
Bibliography, etc. note Includes bibliographical references and index.
650 #0 - SUBJECT ADDED ENTRY--TOPICAL TERM
Topical term or geographic name entry element Materials
General subdivision Biotechnology.
650 #0 - SUBJECT ADDED ENTRY--TOPICAL TERM
Topical term or geographic name entry element Surfaces (Technology)
General subdivision Design.
700 1# - ADDED ENTRY--PERSONAL NAME
Personal name Fèorch, Renate.
700 1# - ADDED ENTRY--PERSONAL NAME
Personal name Jenkins, A. Tobias A.
700 1# - ADDED ENTRY--PERSONAL NAME
Personal name Schèonherr, Holger.
902 ## - LOCAL DATA ELEMENT B, LDB (RLIN)
No. of Items 1
905 ## - LOCAL DATA ELEMENT E, LDE (RLIN)
Cataloger Eman
Reviser Rev.
905 ## - LOCAL DATA ELEMENT E, LDE (RLIN)
Cataloger Jamal
Reviser Cat.
942 ## - ADDED ENTRY ELEMENTS (KOHA)
Source of classification or shelving scheme Dewey Decimal Classification
Koha item type Books
المقتنيات
Source of classification or shelving scheme Not for loan Home library Current library Date acquired Full call number Barcode Date last seen Copy number Koha item type
Dewey Decimal Classification   المكتبة المركزبة الجديدة - جامعة القاهرة مخزن الكتب - البدروم 11.02.2024 620.44 S2839 Store 01000110194699000 23.09.2023 C.1 Books
Cairo University Libraries Portal Implemented & Customized by: Eng. M. Mohamady Contacts: new-lib@cl.cu.edu.eg | cnul@cl.cu.edu.eg
CUCL logo CNUL logo
© All rights reserved — Cairo University Libraries
CUCL logo
Implemented & Customized by: Eng. M. Mohamady Contact: new-lib@cl.cu.edu.eg © All rights reserved — New Central Library
CNUL logo
Implemented & Customized by: Eng. M. Mohamady Contact: cnul@cl.cu.edu.eg © All rights reserved — Cairo National University Library